Estatísticas para Os 10 maiores artilheiros do futebol

Clique aqui para jogar o quiz

Estatísticas Gerais

  • Esse quiz foi jogado 1 973 vezes
    (1 734 desde o último reset)
  • A pontuação média é 6 de 10

Estatísticas das Respostas

GolsJogador% Correto
838golsCristiano Ronaldo
99%
807golsMessi
99%
762golsPelé
98%
748golsRomário
76%
712golsPuskás
58%
637golsLewandowski
52%
678golsGerd Müller
51%
573golsIbrahimovic
50%
623golsEusébio
35%
636golsJosef Bican
31%

Distribuição das Pontuações

Percentil de Números Respondidos

Porcentagem de Pessoas com Cada Pontuação

Sua Pontuação Histórica

Você não jogou esse quiz desde o último reset